Представление документа в формате MARC21

Поле Инд. ПП Название Значение
Тип записи a
Библиографический уровень m
001 Контрольный номер RU/IS/BASE/441040293
005 Дата корректировки 20151216133858.0
020 a ISBN 978-5-9916-3150-1
040 a Служба первич. каталог. НБ ТвГУ
b Код языка каталог. rus
e Правила каталог. PSBO
041 0_ a Код языка текста rus
080 a Индекс УДК 159.9:331(075.8)
084 a Индекс другой классификации/Индекс ББК Ю98я73-1
090 a Полочн. индекс Ю98
x Авторский знак П 86
245 10 a Заглавие Психология труда
b Продолж. заглавия учебник для бакалавров : для студентов вузов, обучающихся по специальности 031000 "Педагогика и психология" : [базовый курс]
c Ответственность [под ред. д.психол.н., проф. А. В. Карпова]
250 a Основные сведения об издании 2-е изд.
260 a Место издания Москва
b Издательство Юрайт
c Дата издания 2013
300 a Объем 350 с.
b Иллюстрации/ тип воспроизводства ил., табл.
440 _0 a Серия Учебно-методическое объединение рекомендует
440 _0 a Серия Учебник
440 _0 a Серия Бакалавр
500 a Примечание На обороте тит. л. загл. сер.: Бакалавр. Базовый курс
504 a Библиография Библиогр в конце разд.
520 0_ a Аннотация В учебнике изложены основы психологии труда в соответствии с требованиями действующего государственного образовательного стандарта по данной дисциплине. Подробно рассмотрены основные разделы психологии труда, ее главные направления, проблемы, задачи. Особое внимание уделено современным исследованиям в области психологии труда. Учебник состоит из четырех основных разделов: общей характеристики психологии труда (ее предмета, объекта, метода, задач, принципов и др.), основ психологии профессиональной деятельности как главного предмета психологии труда; психологии субъекта профессиональной деятельности; "прикладной" психологии труда (профессиональная подготовка, профессиональный отбор и ориентация, профессиональное консультирование и др.) Представлен подробный терминологический словарь основных понятий психологии труда. Для студентов, аспирантов, преподавателей вузов, а также практических работников, занимающихся вопросами научной рационализации профессиональной деятельности.
653 0_ a Ключевые слова Деятельность
a Ключевые слова Профессиональная деятельность
a Ключевые слова Психология
a Ключевые слова Психология деятельности
a Ключевые слова Психология профессиональной деятельности
a Ключевые слова Психология труда
a Ключевые слова Учебники для вузов
700 1_ a Другие авторы Карпов Анатолий Викторович
q Полное имя Карпов А. В.
700 1_ a Другие авторы Конева Елена Витальевна
700 1_ a Другие авторы Маркова Елена Владимировна
700 1_ a Другие авторы Мышкин Иван Юрьевич
901 t Тип документа m
910 a гриф есть**
920 a Оператор Семен
a Оператор Рунт
a Оператор Густ
a Оператор Стро
952 c Вид литературы К ру
954 a Дата поступления на обработку 20131225
c Дата окончания ОНО 20131226
b Дата поступления в ОК 20131223